<?xml version="1.0" encoding="UTF-8"?>
<marc:record xmlns:marc="http://www.loc.gov/MARC21/slim">
   <marc:leader>00000nam a2200000 a 4500</marc:leader>
   <marc:datafield ind1="1" ind2=" " tag="100">
      <marc:subfield code="a">Sherwood, Ben</marc:subfield>
      <marc:subfield code="4">aut</marc:subfield>
      <marc:subfield code="e">Verfasser/-in</marc:subfield>
   </marc:datafield>
   <marc:datafield ind1=" " ind2=" " tag="653">
      <marc:subfield code="a">Bewährte Unterhaltung</marc:subfield>
   </marc:datafield>
   <marc:datafield ind1=" " ind2=" " tag="653">
      <marc:subfield code="a">Englisch</marc:subfield>
   </marc:datafield>
   <marc:datafield ind1=" " ind2=" " tag="653">
      <marc:subfield code="a">FS.E</marc:subfield>
   </marc:datafield>
   <marc:datafield ind1=" " ind2=" " tag="653">
      <marc:subfield code="a">Familie</marc:subfield>
   </marc:datafield>
   <marc:datafield ind1=" " ind2=" " tag="653">
      <marc:subfield code="a">Fremdsprache</marc:subfield>
   </marc:datafield>
   <marc:datafield ind1=" " ind2=" " tag="653">
      <marc:subfield code="a">Roman</marc:subfield>
   </marc:datafield>
   <marc:datafield ind1=" " ind2=" " tag="653">
      <marc:subfield code="a">Segeln</marc:subfield>
   </marc:datafield>
   <marc:datafield ind1=" " ind2=" " tag="653">
      <marc:subfield code="a">Spiritualität</marc:subfield>
   </marc:datafield>
   <marc:datafield ind1="0" ind2="0" tag="245">
      <marc:subfield code="a">The Death and Life of Sharlie St. Cloud</marc:subfield>
   </marc:datafield>
   <marc:datafield ind1="0" ind2="0" tag="245">
      <marc:subfield code="c">Sherwood, Ben</marc:subfield>
   </marc:datafield>
   <marc:datafield ind1="1" ind2=" " tag="520">
      <marc:subfield code="a">When he was a boy, Charlie St. Cloud almost perished in a car crash that killed his little brother. Sam. Years later, Charlie is still trying to atone for his loss. It is only when he meets Tess Carroll, a captivating, adventurous yachtswoman, that he is faced with a choice  - between death and life, the past and the present, holding on and leting go. "The Eath and Life of Chalie St. Cloud" is a romantic and exhilarating novel about second chances and the liberating power of love.&#xD;
&#xD;
&#x84;The Death and Life of Charlie St. Cloud&#x93; erzählt die eindringliche Geschichte eines jungen Mannes, der einen schrecklichen Autounfall, bei dem sein kleiner Bruder ums Leben kommt, nur knapp überlebt. Jahre später ist die Bindung der Brüder noch immer so stark, dass sie über die normalen Grenzen zwischen Leben und Tod hinausgeht.</marc:subfield>
   </marc:datafield>
   <marc:datafield ind1=" " ind2=" " tag="020">
      <marc:subfield code="a">9780330436144</marc:subfield>
      <marc:subfield code="9">9780330436144</marc:subfield>
   </marc:datafield>
   <marc:datafield ind1=" " ind2=" " tag="020">
      <marc:subfield code="a">0330436147</marc:subfield>
      <marc:subfield code="9">0330436147</marc:subfield>
   </marc:datafield>
</marc:record>
